00286pab a2200109 454500008004000000245006000040260000900100300001100109362001200120650003100132773001300163180718b1985 xxu||||| |||| 00| 0 eng d aHigher farer and freight rates to net in Rs. 495 crores c1985 a518-26 a23 Mar. aRailways - Budgets - India aCommerce